| 000 | 00682nam a2200205 i 4500 | ||
|---|---|---|---|
| 001 | 77008 | ||
| 003 | ES-MaACL | ||
| 005 | 20251015063106.0 | ||
| 007 | t| | ||
| 008 | 041006q1910 sp |||| | spa d | ||
| 080 | _a37.015.2 | ||
| 100 | 1 |
_aGuyau, Jean Marie, _d1854-1888 _9127668 |
|
| 245 | 1 | 3 |
_aLa educación y la herencia _b: estudio sociológico / _cpor M. Guyau ; traducción, prólogo y notas de Adolfo Posada. |
| 260 |
_aMadrid : _b[s.n., _c1910?] ( _fImp. de Gabriel L. del Horno) |
||
| 300 |
_a423 p. ; _c23 cm. |
||
| 650 | 7 |
_aEducación _2embne _912073 |
|
| 700 | 1 |
_aPosada, Adolfo, _d1860-1944 _993316 |
|
| 852 |
_aES-MaACL _jF-14858 |
||
| 999 |
_c77008 _d77008 |
||